000 00295nam a2200121Ia 4500
005 20251222155042.0
008 251222s9999||||xx |||||||||||||| ||spa||
082 _aPED.34.1-3/Ej.3
100 _aUNICEF
245 0 _aAtención Integrada a las Enfermedades AIEPI
264 _bMinsa
942 _cLIB
999 _c36949
_d36949